000 00666nam a22001817a 4500
003 OSt
005 20260116033033.0
008 260116b |||||||| |||| 00| 0 eng d
020 _a971-93242-0-1
040 _aDWC-Main lib
_cOC
082 _aFil. 808.81 D331 2005
100 _aDel Castillo, O.
245 _aTilamsik ng magpakailanman :
_bmga tulang inawit sa katahimikan at pagtatanghal ng mga natatanging larawan
_cDel Castillo, Owen L.
260 _aNaga City :
_bWillprint Graphics Centre,
_cc2005
300 _a150 pages ;
_c22 cm.
700 _aEchalas, Vladimir
942 _2ddc
_cBK - FIL
_hFil. 808.81 D331 2005
_kFil.
_n0
999 _c7487
_d7487